01135 2200313 4500001002100000005001500021035002000036007000300056008004100059020001800100082001000118084001600128100002500144245009800169250001400267300003800281700002600319700002000345700002100365520024600386600003100632264003600663336002100699337003000720338002300750990001600773990001600789990001600805INLIS00000000000003520260410014721 a0010-0426000034ta260410 g 0 ind  a9789797566869 a005.5 a005.5 FAD p0 aFadlisyahePengarang1 aPanduan Praktis Komputer Grafik dan Perancangan Game /cFadlisyah , Amru Usman , Asri , Asran aCetakan 1 a238 :bIlustrasi ;c16 cm x 23 cm0 aAmru UsmanePengarang0 aAsriePengarang0 aAsranePengarang aPanduan teknis yang menjembatani teori grafika komputer dengan implementasi praktis dalam pembuatan game. Buku ini membahas output primitif, teknik animasi, grafik parametrik, serta pemrograman game populer seperti Tetris, Puzzle, dan Catur. 4aKomputer - Perangkat Lunak aYogyakarta :bGraha Ilmu,c2010 2rdacontentaTeks 2rdamediaaTanpa perantara 2rdacarrieraVolume aPP000060/19 aPP000061/19 aPP000676/19